| 000 | 00729nam a2200253u 4500 | ||
|---|---|---|---|
| 001 | 23714 | ||
| 003 | BD-RjUL | ||
| 005 | 20211209000949.0 | ||
| 008 | 140311r19611960enka 001 0aeng | ||
| 035 | _a(BD-RjUL)23779 | ||
| 040 |
_aDLC _cCarP _dBD-RjUL _beng |
||
| 041 | _aeng | ||
| 082 | 0 | 4 |
_a928.2 _bWOS 1961 |
| 100 | 1 |
_aWoolf, Leonard _d1880-1969. _914762 |
|
| 245 | 1 | 0 |
_aSowing : _ban autobiography of the years 1880-1904 / _cLeonard Woolf. |
| 260 |
_aLondon : _bHogarth Press, _cc1960 [reprint 1961]. |
||
| 300 |
_a205 p. : _bill. ; _c22 cm. |
||
| 504 | _aIncludes index. | ||
| 600 | 1 |
_aWoolf, Leonard _914762 |
|
| 650 |
_aAuthors _vBiography. _954194 |
||
| 942 |
_2ddc _cBK |
||
| 999 |
_c23714 _d23714 |
||